| 000 | 01298cam a22003617a 4500 | ||
|---|---|---|---|
| 003 | CHAP | ||
| 005 | 20220329134903.0 | ||
| 008 | 971013d1981 mx ab r 00110 spa d | ||
| 010 | _a27548 | ||
| 011 | _a28520 | ||
| 035 | _a32624 | ||
| 040 | _cCHAP | ||
| 090 | _aFolleto 7190 | ||
| 110 | 0 |
_aINIA. México. Campo Agrícola Experimental Huimanguillo _958491 |
|
| 245 | 1 | 0 |
_aLogros y aportaciones de la investigación agrícola en el estado de Tabasco _c/por INIA |
| 260 |
_aHuimanguillos, Tab. : _bINIA. Campo Agrícola Experimental Huimanguillo, _c1981. |
||
| 300 |
_a37 p. : _bilus. ; mapa |
||
| 410 | 2 | 1 | _aINIA |
| 490 | 0 |
_aPublicación especial _v; 1 |
|
| 590 |
_aBATCH-UPD _b10 _c20130110 _lUCH01 _h1140 |
||
| 590 |
_aBATCH-UPD _b10 _c20130410 _lUCH01 _h0726 |
||
| 590 |
_aBATCH-UPD _b10 _c20130913 _lUCH01 _h2245 |
||
| 590 |
_aCONVERSION _b10 _c20130109 _lUCH01 _h1316 |
||
| 650 | 1 | 4 |
_aAgricultura _xInvestigacion _xTabasco. _91682 |
| 650 | 1 | 4 |
_aAgricultura _xTabasco. _91830 |
| 810 | 0 | 0 |
_aINIA _958414 |
| 830 | 0 |
_aPublicación especial _v; 1 _992760 |
|
| 901 | _aBK | ||
| 942 | _cFOLL | ||
| 949 |
_aFolleto 7190 _bBC _cFOLL _d-75970 _eTS1 _i32624 _mD _si |
||
| 949 |
_aFolleto 7190 _bBC _cFOLL _d-75971 _eTS2 _fc.2 _i32624 _mD _si |
||
| 949 |
_aFolleto 7190 _bBC _cFOLL _d326243 _eTS2 _fc.3 _i32624 _kDonaciØn _sb |
||
| 999 |
_c27548 _d27548 |
||